000 00963nam a22002175i 4500
001 158708
003 ES-MaACL
005 20250815110841.0
008 040902s1884 fr |||| | fre d
040 _aCAM
_bspa
_cCAM
100 1 _aMarcou, Jules.
_976547
245 1 0 _a[Notes à l'occasion du prochin Congrès géologique international, avec des remarques sur les noms des terrains fossilifères les plus anciens /
_cpar Jules Marcou].
260 _aLagny :
_b[s.n.,
_cs.a.] (
_fF. Aureau)
300 _aP. [517]-533 ;
_c24 cm.
500 _aExtrait du Bulletin de la Société Géologique de France, 3\pe\s série, t. XII, p. 517, séance du 5 mail 1884.
594 _aTit. tomado de comienzo de texto.
596 _aPie de imp. tomado de colofón.
650 7 _aGeología
_2embne
_913086
852 _aES-MaACL
_jT-903-F-6
_z-- Enc. hol.
_z-- Legado de Federico de Botella y de Hornos
_z-- Enc. en un vol. facticio
999 _c158708
_d158708